[Event "GCT Croatia Rapid 2021"]
[White "Duda,Jan-Krzysztof"]
[Black "Van Foreest,Jorden"]
[Site "Zagreb"]
[Round "3.4"]
[Annotator "TA"]
[Result "1/2-1/2"]
[Date "2021.07.07"]
[WhiteElo "2738"]
[BlackElo "2688"]
[PlyCount "139"]

1. e4 {} c6 2. d4 d5 3. e5 Bf5 4. Nf3 e6 5. Be2 a5 6. 0-0 {B12: Caro-Kann: Advance Variation.} Nd7 7. c3 a4 8. Nbd2 {
White is slightly better.} h6 9. Re1 Ne7 10. Nf1 {[#]} Bh7 $146 ({Predecessor:
} 10... Bg6 11. Ng3 c5 12. Bb5 Qa5 13. Bxd7+ Kxd7 14. dxc5 Qxc5 15. Be3 Qb5 16. Nd4 Qd3 {0-1 (64) Nepomniachtchi,I (2784)-Firouzja,A (2728) chess24.com INT
2020} )11. h3 c5 12. Ng3 Nc6 13. Bd3 Bxd3 14. Qxd3 a3 15. b3 cxd4 16. cxd4 Bb4 17. Re2 Qb6 18. Nh5 g6 19. Nf4 (19. Ng3 {keeps more tension.} Kf8 20. Rc2 Kg7 21. h4 Rac8 22. Be3 )Qa6 (19... g5 $11 20. Nh5 Qa6 21. Qxa6 Rxa6 )20. Be3 (20. Qc2 $14 )Qxd3 $11 21. Nxd3 Ndb8 22. Rc2 Na6 23. Kf1 g5 24. Ke2 Be7 25. Rac1 Kd7 26. Bd2 Rhc8 27. g4 Rh8 28. b4 Na7 29. Nc5+ Bxc5 (29... Nxc5 $11 30. bxc5 Nc6 )30. bxc5 $14 (30. dxc5 $6 Nb8 $11 )Nb5 31. c6+ (31. Rb1 $5 {} Nac7 32. Rb4 $16 )bxc6 32. Rxc6 Nac7 33. Kd3 h5 (33... Rhb8 $11 )34. Nxg5 (34. Bxg5 $6 hxg4 35. hxg4 Na6 $11 )hxg4 35. hxg4 Rh4 (35... Ra4 $16 )36. Rb6 $2 (36. Nxf7 $18 Rxg4 37. Be3 )Rxg4 37. Be3 ({
Of course not} 37. Nxf7 $6 Rxd4+ 38. Ke2 Re4+ 39. Kd1 Ra6 $11 )Ra6 38. Rb8 {Threatens to win with Nh7.} Rc6 $1 {[#]} 39. Rd8+ $1 Kxd8 40. Rxc6 Kd7 41. Rb6 Rg1 {aiming for ...Ra1.} 42. Nxf7 Rd1+ $1 43. Bd2 $1 ({Much worse is} 43. Kc2 Ra1 $17 )Nxd4 {White must now prevent ...Nf3.} 44. Ke3 ({White
should try} 44. Ng5 $11 )Nf5+ (44... Nc6 $1 $15 45. Rb3 Rg1 )45. Kd3 $1 $11 Ra1 46. Nd6 (46. Rb7 $11 )Ne7 ({Black should play} 46... Rxa2 $17 47. Ba5 Rb2 48. Rxb2 axb2 )47. Rb7 Nc6 $2 { [#]} ({But not} 47... Rxa2 $2 48. Ba5 $18 )(47... Ng6 $1 $11 {and Black has nothing to worry.} 48. f4 Rxa2 )48. Bc3 $1 $18 {} Rxa2 49. Nb5 Nxe5+ $2 (49... Nb4+ 50. Bxb4 Kc6 )50. Bxe5 Kc6 51. Rxc7+ Kxb5 { Endgame KRB-KR} 52. f4 $2 (52. Rb7+ $18 Kc5 53. Bd4+ Kc6 54. Re7 )Rg2 $2 {[#]} (52... Rf2 $11 {and Black is
okay.} )53. Rb7+ $1 Ka4 54. Kd4 (54. Re7 $16 )Rc2 $11 55. Kd3 Rc4 56. Rb6 {Ra6+ is the strong threat.} a2 $1 57. Rxe6 Kb5 58. f5 {Strongly threatening
f6.} d4 59. Rb6+ $1 Kc5 $1 60. Ra6 Rc3+ $1 61. Kd2 Rf3 62. f6 Kd5 63. Ra5+ Ke4 64. Ke2 {And now Bxd4! would win.} a1=Q $4 {} (64... a1=R $11 65. Rxa1 d3+ 66. Kd2 Kxe5 )65. Rxa1 d3+ 66. Kd2 Kxe5 67. Re1+ {Mate.} Kxf6 68. Re3 Rxe3 69. Kxe3 d2 70. Kxd2 { What a fight!  Weighted Error Value:
White=0.36/Black=0.30. An unexpected result.} 1/2-1/2

[Event "GCT Croatia Rapid 2021"]
[White "Saric,Ivan"]
[Black "Giri,Anish"]
[Site "Zagreb"]
[Round "3.5"]
[Annotator "TA"]
[Result "1-0"]
[Date "2021.07.07"]
[WhiteElo "2653"]
[BlackElo "2776"]
[PlyCount "139"]

1. e4 {} e5 2. Nf3 Nc6 3. Bc4 Nf6 4. d3 Bc5 5. c3 d6 6. Bg5 h6 7. Bh4 a5 {
C54: Giuoco Piano: 4 c3 Nf6, main lines with 5 d4 and 5 d3.} 8. Nbd2 Ba7 {[#]} 9. a3 $146 ({Predecessor:} 9. h3 g5 10. Bg3 0-0 11. Qe2 Kg7 12. 0-0-0 Bd7 13. Bb5 Qe7 14. Bh2 a4 15. a3 {0-1 (29) Grischuk,A (2777)-Giri,A (2764) chess24.
com INT 2020} )Qe7 {The position is equal.} 10. b4 (10. 0-0 $14 )g5 $11 11. Bg3 Nh5 $1 12. Nb3 Qf6 13. Rf1 ({Don't go for} 13. Nxa5 $2 Nxg3 14. fxg3 (14. hxg3 $2 Nxa5 15. bxa5 g4 $19 )Nxa5 $19 )Bg4 14. Bd5 Bxf3 ({Much weaker is} 14... Nxg3 $6 15. fxg3 0-0 16. Bxc6 $14 )15. gxf3 Bb6 16. Nd2 axb4 17. axb4 0-0 18. Rg1 Kh7 19. b5 Rxa1 20. Qxa1 Nd8 21. Qa2 c6 (21... Ne6 $1 $17 {Threatening ...Nef4.} 22. Rf1 Nef4 23. Bxb7 Nxd3+ 24. Kd1 Nhf4 )22. bxc6 bxc6 23. Bb3 Ne6 (23... Nf4 $15 24. Bxf4 Qxf4 )24. Bxe6 Qxe6 25. Qxe6 fxe6 26. Ke2 Ra8 27. Rb1 Bc5 28. Rb2 Kg6 29. Nc4 Kf6 30. Rd2 Ra4 31. Rb2 (31. Nb2 $11 Ra1 32. d4 )Ra1 (31... Nf4+ $17 32. Bxf4 gxf4 )32. Ne3 Kg6 33. Nc2 Ra4 34. Rb8 Ra2 35. Kd1 Ra6 36. d4 Rb6 {[#]} 37. Rd8 $1 $16 exd4 38. cxd4 Bb4 39. Nxb4 Rxb4 40. Rxd6 { Double Attack} Nxg3 41. hxg3 {
Endgame KR-KR} Kf7 42. Ke2 Rb2+ 43. Kf1 Rb1+ (43... Rb3 $16 44. Rxc6 Rxf3 )44. Kg2 $18 Rd1 {[#]} (44... Rb4 $142 45. e5 (45. Rxc6 Rxd4 46. Rc7+ Kg6 $16 )Rc4 )45. f4 $1 ({Not} 45. Rxc6 Rxd4 46. Rc8 Rb4 $16 )gxf4 46. gxf4 Ke7 $2 (46... Rc1 47. Kf3 h5 )47. e5 h5 48. Kg3 Rd3+ 49. Kh4 Rf3 50. Kg5 Rxf2 51. Rxc6 Rd2 52. Rc7+ Kd8 53. Rc4 (53. Ra7 $142 Rxd4 54. f5 )Rf2 54. Kf6 Kd7 55. d5 $1 {White mates.} exd5 56. e6+ Kd6 57. Ra4 h4 58. e7 Re2 59. Ra6+ Kd7 60. Ra7+ Kd6 61. Kf7 h3 62. e8=Q Rxe8 63. Kxe8 {KR-KPP} Ke6 64. Rh7 Kf5 65. Rxh3 Kxf4 66. Kd7 d4 67. Kd6 Ke4 68. Kc5 d3 69. Kc4 d2 70. Rd3 {Weighted Error
Value: White=0.18/Black=0.39} 1-0

[Event "GCT Croatia Rapid 2021"]
[White "Korobov,Anton"]
[Black "Giri,Anish"]
[Site "Zagreb"]
[Round "4.1"]
[Annotator "TA"]
[Result "0-1"]
[Date "2021.07.08"]
[WhiteElo "2683"]
[BlackElo "2776"]
[PlyCount "104"]

1. e4 {} e5 2. Nc3 Nf6 3. g3 d5 4. exd5 Nxd5 5. Bg2 Nxc3 6. bxc3 Nc6 7. Nf3 Bc5 8. 0-0 0-0 9. Re1 Bb6 10. d3 Re8 {C47: Scotch
Four Knights and Four Knights with 4 g3.} 11. Be3 Bg4 12. h3 Bh5 {The position
is equal.} 13. Qc1 {[#]} Ba5 $146 {White must now prevent ...Bxf3.} ({
Predecessor:} 13... e4 14. dxe4 Qf6 15. Bxb6 Bxf3 16. Bxc7 Bxg2 17. Kxg2 Qxc3 18. Qe3 Qxe3 19. Rxe3 Rac8 {1/2-1/2 (47) Diakonova,E (2233)-Gagare,S (2026)
Moscow 2019} )14. Qb2 {And now g4 would win.} e4 (14... Bb6 $11 )15. Nd4 exd3 {
Threatens to win with ...Nxd4.} 16. Nxc6 (16. cxd3 Ne5 $15 )(16. Qxb7 $2 Nxd4 17. Qxa8 (17. Bxd4 $2 Rxe1+ 18. Rxe1 Rb8 $19 )Ne2+ 18. Kh2 Qxa8 $19 )bxc6 17. cxd3 Qxd3 (17... Qd6 $14 )18. Bd4 $2 (18. Bxc6 $18 Reb8 19. Qd2 Qxd2 20. Bxd2 )Bf3 19. Bf1 Qf5 (19... Qg6 $11 )20. Rxe8+ $1 $16 Rxe8 {[#]
} 21. c4 $2 (21. Re1 $1 $16 {} Qd7 22. Rxe8+ Qxe8 23. c4 )Be4 {( -> ...Qf3)} 22. Qa3 {[#]} (22. Bg2 $17 )Bb4 $1 $36 { White
is under strong pressure.} 23. Qe3 (23. Qxb4 $2 {leads to mate.} Qf3 24. Qf8+ Rxf8 25. Bxa7 Qh1# )(23. g4 Bxa3 )c5 24. Bb2 Bd2 25. Qe2 {[#]} (25. Qxd2 $2 {gets mated.} Qf3 26. h4 Qh1# )Bc6 $1 26. Qd3 ({But not} 26. Qxd2 $2 Qf3 $19 )Qxd3 27. Bxd3 Bf3 28. Bf1 Ba5 29. Rc1 h5 30. Bc3 {[#]} Bb4 31. Rc2 g5 32. Bg2 (32. Bb2 $17 {was worth a try.} )g4 33. hxg4 hxg4 34. Bxf3 gxf3 { Endgame KRB-KRB} 35. a3 (35. Rc1 {was called for.} )Bxa3 36. Ba5 $2 (36. Rd2 )Bb4 37. Bxc7 Re1+ 38. Kh2 Re2 39. Rc1 Rxf2+ 40. Kh3 Re2 41. Rf1 f2 42. Kg2 Be1 43. Rh1 $2 (43. Bd6 )Re4 44. Rh5 Rxc4 45. Be5 {} f6 46. Bxf6 a5 {} 47. Rd5 (47. Be7 $142 Rc1 48. Bg5 )Kf7 48. Bh8 a4 49. Rd7+ Ke6 50. Ra7 Rc1 (50... Rg4 $142 51. Ra6+ Kd5 52. Rxa4 {[#]} Rxg3+ $3 {
Deflection, Promotion} 53. Kxg3 f1=Q+ 54. Kg4 Qe2+ 55. Kg5 Bd2+ 56. Kh4 Be1+ 57. Kg5 Bd2+ 58. Kh4 Qe1+ 59. Kh3 Qh1+ 60. Kg3 Be1+ 61. Kg4 Qh4+ 62. Kf5 Qxa4 63. Bb2 Qc2+ { Double Attack} 64. Kf6 Qxb2+ 65. Kf7 Qh8 66. Kg6 Bd2 67. Kf7 Qe5 68. Kg8 Bh6 69. Kh7 Qg7# )51. Bg7 a3 52. g4 Bc3 {Weighted Error
Value: White=0.81/Black=0.25} (52... Rc4 $142 53. Ra6+ Kf7 54. Ra7+ Kg6 55. Ra6+ Kxg7 56. Rb6 Rxg4+ 57. Kf3 Rb4 58. Rxb4 f1=Q+ 59. Ke3 cxb4 60. Ke4 a2 61. Kd5 a1=Q 62. Ke4 Bg3 63. Ke3 Bf4+ 64. Ke4 Qe5# )0-1

[Event "GCT Croatia Rapid 2021"]
[White "Van Foreest,Jorden"]
[Black "Saric,Ivan"]
[Site "Zagreb"]
[Round "4.2"]
[Annotator "TA"]
[Result "1/2-1/2"]
[Date "2021.07.08"]
[WhiteElo "2688"]
[BlackElo "2653"]
[PlyCount "101"]

1. e4 {} c5 2. Nf3 d6 3. d4 cxd4 4. Nxd4 Nf6 5. Nc3 a6 6. Bd3 e5 7. Nde2 Be7 8. 0-0 Be6 {B90: Sicilian Najdorf: Unusual White 6th moves, 6 Be3 Ng4 and 6 Be3
e5.} 9. f4 $1 {9.f4 is better than 9.Ng3.} exf4 10. Nxf4 Nc6 {[#]} 11. b3 $146 ({Predecessor:} 11. Nxe6 fxe6 12. Bc4 Qc8 13. a3 Ne5 14. Bb3 b5 15. Bf4 Nc4 16. Bxc4 Qxc4 17. Bxd6 {0-1 (35) Najer,E (2648)-Sarana,A (2657) Chess.com INT 2020} )Ne5 12. Bb2 0-0 13. Qe1 Rc8 14. Rd1 Re8 15. h3 Bf8 16. Kh1 b5 17. Nce2 Bd7 18. Qg3 Bc6 19. Nd5 Bxd5 20. exd5 g6 21. Nd4 $1 Bg7 22. Nc6 Nxc6 23. Bxf6 (23. dxc6 $2 Nh5 $19 )Bxf6 24. dxc6 Rxc6 25. c4 Rc5 {[#]} (25... Re5 $11 )26. Bxg6 $1 $14 hxg6 (26... fxg6 $6 27. Rxd6 Qe7 28. Rdxf6 $16 )27. Rxd6 {
 Double Attack} Qc7 28. Rfxf6 Rce5 29. Kh2 {And now Rxg6+! would win.} ({Don't go for} 29. Rxa6 $2 Re1+ 30. Kh2 {[#]} Rh1+ $3 {} 31. Kxh1 Qxg3 $19 )bxc4 30. bxc4 (30. Rc6 $16 Qe7 31. Qh4 (31. bxc4 a5 $16 )(31. Rxa6 Re3 $11 ))Rc5 $11 31. Rxa6 {Threatening Qxc7.} Rxc4 32. Rf2 Qxg3+ 33. Kxg3 { Endgame KRR-KRR} Re7 34. Kh2 {next a4 is good for White.} Rce4 (34... Rc1 $11 {remains equal.} )35. a4 $16 Kg7 36. Ra2 Re2 37. Rxe2 Rxe2 {KR-KR} 38. Rb6 (38. a5 $16 )Ra2 $11 {The position is equal.} 39. Rb4 g5 40. Rg4 Kh6 41. h4 gxh4 42. Rxh4+ Kg5 43. Rd4 f5 44. Kh3 Ra3+ 45. g3 (45. Kh2 {
is more complex.} Ra2 )Ra2 46. Rc4 Kh5 47. Rb4 Kg5 48. Rf4 Rb2 49. Rd4 Ra2 50. Rf4 Rb2 51. Rd4 {Weighted Error Value: White=0.08/Black=0.10} 1/2-1/2

[Event "GCT Croatia Rapid 2021"]
[White "Vachier-Lagrave,Maxime"]
[Black "Duda,Jan-Krzysztof"]
[Site "Zagreb"]
[Round "4.3"]
[Annotator "TA"]
[Result "1-0"]
[Date "2021.07.08"]
[WhiteElo "2749"]
[BlackElo "2738"]
[PlyCount "123"]

1. e4 {} c6 2. Nf3 d5 3. Nc3 Bg4 4. h3 Bxf3 5. Qxf3 e6 6. Be2 Nd7 {B11: Caro-Kann:
Two Knights Variation.} 7. d4 dxe4 8. Nxe4 Ngf6 {White is slightly better.} 9. Ng3 {[#]} g6 $146 ({Predecessor:} 9... Bd6 10. 0-0 0-0 11. c4 a5 12. Bd2 Re8 13. Rad1 e5 14. dxe5 Bxe5 15. Nf5 Qc7 {1/2-1/2 (43) Valsecchi,A (2515)-Kreisl,
R (2402) Le Castella 2018} )10. 0-0 Bg7 11. Rd1 0-0 12. a4 a5 13. c3 Qc7 14. h4 h5 15. Bc4 e5 16. Bg5 Rae8 17. d5 e4 18. Qe2 (18. d6 {is more complex.} Qb6 19. Qe3 Qxe3 20. Bxe3 Ng4 21. Bg5 )cxd5 19. Bxd5 Nb6 (19... Ng4 $15 )20. Bxf6 ({Don't blunder} 20. Bxe4 $2 Nxe4 21. Nxe4 Qc6 $19 )Bxf6 21. Nxe4 Bxh4 22. Bb3 {[#]} ({White should play} 22. Qf3 $11 )Bxf2+ $1 $15 {
Pin} 23. Kh1 Bh4 24. Qf3 Kg7 25. Nd6 {Qf4 is the strong threat.} Re7 (25... Re5 $15 )26. Qf4 $11 Bf6 27. Rf1 Be5 { Double Attack} 28. Nf5+ $1 gxf5 29. Qg5+ { Double Attack} Kh7 $1 30. Qxh5+ Kg8 31. Rxf5 Bg7 {White must
now prevent ...Re5.} 32. Raf1 Nc4 33. Bc2 $40 { And now Rc5 would
win. White has some attack.} Ne3 $2 {[#]} (33... Rfe8 $1 $11 {and Black has
nothing to worry.} 34. Rc5 {[#]} Re1 $1 35. Rxc7 Rxf1+ 36. Kh2 Be5+ {
Double Attack} 37. g3 Bxc7 38. Qg4+ Kf8 39. Qxc4 { Double Attack} Rf2+ 40. Kh3 Rxc2 41. Qxc7 { Double Attack} Rxb2 )34. Rc5 $1 $18 {} Nxc2 35. Rxc7 Rxc7 36. Qe2 Nb4 (36... Na3 $142 )37. cxb4 axb4 38. Qg4 Rfc8 39. Qxb4 Rc6 40. Qf4 $2 (40. Qxb7 $2 {gets mated.} Rh6+ 41. Kg1 Bd4+ 42. Rf2 Rc1# )(40. a5 $18 {and White stays clearly on top.} )Rf6 $16 41. Qxf6 Bxf6 42. Rxf6 { Endgame KR-KR} Rc4 43. b3 Rb4 44. Rf3 Kg7 45. Kg1 Kg6 46. Kf2 f5 47. Ke2 Rg4 48. g3 Kg5 $2 (48... Kf6 $16 {was worth a
try.} )49. Kd3 Re4 50. Re3 $2 (50. Kd2 $18 )Rxe3+ $11 51. Kxe3 {K3P-KPP} Kg4 52. Kf2 f4 $1 53. gxf4 Kxf4 {KPP-KP} 54. Ke2 Ke4 55. Kd2 {Strongly
threatening Kc3.} Kd4 56. Kc2 Kd5 57. Kd3 Kc5 58. Kc3 {Intending b4+ and mate.} Kc6 $2 {} (58... Kb6 $11 )59. Kc4 {White mates.} b6 60. Kb4 Kc7 61. Kb5 Kb7 62. a5 {Weighted Error Value: White=0.23/Black=0.32} 1-0

[Event "GCT Croatia Rapid 2021"]
[White "Nepomniachtchi,Ian"]
[Black "Grischuk,Alexander"]
[Site "Zagreb"]
[Round "4.4"]
[Annotator "TA"]
[Result "1-0"]
[Date "2021.07.08"]
[WhiteElo "2792"]
[BlackElo "2778"]
[PlyCount "93"]

1. c4 {} e6 2. Nf3 d5 3. g3 dxc4 4. Qa4+ Bd7 5. Qxc4 c5 6. Ne5 Nc6 {A13: English Opening:
1...e6.} 7. Nxd7 Qxd7 8. Bg2 Nf6 {The position is equal.} 9. 0-0 Be7 10. Nc3 0-0 11. Rd1 Rfd8 12. b3 Rac8 13. Bb2 {[#]} a6 $146 ({Predecessor:} 13... Nd5 14. Nxd5 exd5 15. Qf4 Qe6 16. e3 Nb4 17. d4 Bf6 18. Bc3 Nc2 19. Rac1 cxd4 20. Bxd4 Nxd4 21. exd4 {1/2-1/2 (31) Maeser,F (2284)-Froewis,G (2442) Switzerland
2019} )14. Rac1 b5 15. Qf4 h6 16. d3 Nd5 17. Nxd5 exd5 18. e3 d4 19. Be4 Rc7 20. Bf5 $40 { White is up to no good.} Qd6 21. Qxd6 Bxd6 22. Be4 Be7 (22... dxe3 $11 23. fxe3 Re8 )23. Bxc6 $16 Rxc6 {[#]} 24. Bxd4 {} Rdc8 (24... Rcc8 25. Bc3 )25. Bc3 f5 26. Kf1 Kf7 27. Rc2 g5 28. Ke2 Ke6 29. Rdc1 h5 30. h3 Bd6 31. Bb2 Kd5 (31... R6c7 $16 {keeps fighting.} )32. g4 $18 hxg4 33. hxg4 fxg4 34. e4+ $1 Ke6 35. d4 {Black must now prevent d5+.} R6c7 36. d5+ Kf7 37. Rg1 $1 c4 38. bxc4 ({Not} 38. Rxg4 cxb3 39. Rxc7+ Rxc7 $15 )Rxc4 39. Rxc4 Rxc4 { Endgame KRB-KRB} 40. Kd3 Ra4 $2 { 
[#] This costs Black the game.} (40... Bc5 $16 {is a better defense.} )41. e5 $1 Bc5 $2 (41... Be7 42. Bd4 a5 43. Rxg4 Rxa2 )42. Rc1 Rc4 43. Rh1 (43. Rxc4 $142 bxc4+ 44. Kxc4 )Rf4 (43... Bb4 $142 44. Bd4 Bf8 45. Rh7+ Kg6 )44. e6+ {White is clearly winning.} Kg6 {[#]} 45. Be5 $1 Rxf2 46. d6 Rf5 47. Ke4 {
Weighted Error Value: White=0.22/Black=0.27} 1-0

[Event "GCT Croatia Rapid 2021"]
[White "Mamedyarov,Shakhriyar"]
[Black "Anand,Viswanathan"]
[Site "Zagreb"]
[Round "4.5"]
[Annotator "TA"]
[Result "1/2-1/2"]
[Date "2021.07.08"]
[WhiteElo "2782"]
[BlackElo "2753"]
[PlyCount "140"]

1. d4 {} Nf6 2. c4 e6 3. Nf3 d5 4. Nc3 Bb4 5. Qa4+ Nc6 6. e3 0-0 7. Qc2 {D38: Queen's Gambit Declined: Ragozin Defence (4
Nf3 Bb4).} Re8 8. Bd2 Bf8 9. Be2 {White is slightly better.} Nb4 10. Qb1 dxc4 11. Bxc4 b6 12. 0-0 {[#]} Ba6 $146 ({Predecessor:} 12... Bb7 13. Rd1 Qc8 14. a3 Nbd5 15. Bd3 c5 16. dxc5 Qxc5 17. Nxd5 Qxd5 18. Bc3 Qh5 19. Bxf6 Bxf3 20. gxf3 gxf6 {1/2-1/2 (33) Carlsen,M (2863)-Ding,L (2791) chess24.com INT 2020} )13. Bxa6 Nxa6 14. e4 c5 15. e5 cxd4 16. exf6 {aiming for Nb5.} dxc3 17. Bxc3 gxf6 18. Qe4 Nc7 19. Rad1 Nd5 20. Qg4+ Bg7 $1 21. Rfe1 (21. Nh4 $11 Kh8 22. Nf5 )Kh8 22. Rd4 Qc7 23. Rc4 Qe7 24. Bd4 Rac8 25. b3 Rxc4 26. bxc4 Nb4 27. Re2 Rd8 28. g3 Nc6 29. Bb2 Qc7 30. Kg2 Ne7 31. Rc2 Qc6 32. c5 bxc5 33. Qh5 {[#]} (33. Qc4 {was called for.} )Kg8 $2 (33... c4 $1 $19 {and Black stays
clearly on top. Strongly threatening ...Rd3.} 34. Qxf7 Ng8 )34. Qxc5 $17 {[#]} Rc8 $1 35. Qxc6 Rxc6 36. Rxc6 Nxc6 { Endgame KBN-KBN} 37. Nd4 Nb4 38. Nb5 a5 39. Bc3 f5 40. Bxb4 axb4 $11 {KB-KN} 41. Kf3 Bf8 42. Ke2 Bc5 (42... Kg7 $15 )43. Nc7 {The position is equal.} Kg7 44. Na6 Bd6 45. Kd3 $1 Kf6 46. Kc4 Kg5 47. Nxb4 Kg4 48. a4 Bc7 49. Kb5 Kf3 50. Kc6 Ba5 51. Nd3 Ke2 52. Ne5 Kxf2 53. Nxf7 Kg2 54. Kd6 Kxh2 55. Kxe6 Kxg3 56. Kxf5 h5 {Hoping for ...h4.} 57. Ng5 h4 58. Ne4+ Kg2 {...h3 is the strong threat.} 59. Ng5 Bd8 {( -> ...
Bxg5)} (59... Bd2 $5 60. a5 $8 Bxa5 $11 )60. Ne6 {[#]} Kg3 $1 61. Nf4 ({
Avoid the trap} 61. Nxd8 $2 h3 $19 )Bc7 62. Ne2+ Kg2 {White must now
prevent ...h3.} 63. a5 Bxa5 {And now ...Bc7 would win.} 64. Kg4 Bd8 65. Nf4+ Kf2 66. Nh3+ Ke2 67. Nf4+ Kd1 68. Nh3 Ke2 69. Nf4+ Kd1 70. Nh3 Ke2 {Whites
escaped into a draw.  Weighted Error Value: White=0.09/Black=0.12} 1/2-1/2

[Event "GCT Croatia Rapid 2021"]
[White "Anand,Viswanathan"]
[Black "Korobov,Anton"]
[Site "Zagreb"]
[Round "5.1"]
[Annotator "TA"]
[Result "1-0"]
[Date "2021.07.08"]
[WhiteElo "2753"]
[BlackElo "2683"]
[PlyCount "87"]

1. e4 {} e6 2. d4 d5 3. Nc3 Nf6 4. e5 Nfd7 5. f4 c5 6. Nf3 Nc6 7. Be3 Be7 8. Qd2 0-0 9. dxc5 Nxc5 {C11: French:
Classical System: 4 e5 and 4 Bg5 dxe4.} 10. 0-0-0 b6 11. h4 Bb7 {White has an
edge.} 12. Qe1 {was the old line (12.h5).} Qe8 {[#]} 13. h5 $146 ({Predecessor:
} 13. Kb1 Ne4 14. Nb5 Qc8 15. h5 a6 16. Nbd4 Qd7 17. g4 Rac8 18. g5 Bc5 19. Rg1 {1-0 (37) Boehme,S (2303)-Mary,P (2156) LSS email 2011} )Ne4 14. h6 g6 15. Bb5 (15. Kb1 $14 )Rc8 (15... a6 $5 {} 16. Bd3 Nc5 $11 )16. Nxe4 dxe4 17. Bxc6 (17. Nh2 $11 )Qxc6 $15 {} 18. Nd4 Qc4 19. Kb1 Rfd8 20. b3 Qc3 21. g4 a5 {} 22. Bc1 Qc5 $1 $17 23. Bb2 a4 24. Rh2 a3 25. Ba1 Rd7 ({But not} 25... g5 26. f5 $11 )26. Rhd2 Rcd8 $2 {[#]} (26... b5 $1 $17 )27. Nf5 $1 $16 {
} Rxd2 {} 28. Nxe7+ Qxe7 29. Rxd2 Rxd2 (29... Rc8 $142 )30. Qxd2 Qh4 31. Bd4 (31. g5 {with more complications.} Qh1+ 32. Qc1 Qxc1+ 33. Kxc1 b5 34. Bd4 )Qxh6 32. Bxb6 Qh1+ 33. Qc1 Qxc1+ 34. Kxc1 {
Endgame KB-KB} h5 35. Kd2 hxg4 (35... h4 $14 )36. Bc5 $1 g3 37. Bxa3 g5 $2 {
Black cannot hold the game after this.} (37... e3+ $16 38. Kxe3 f5 39. exf6 g2 )38. fxg5 $18 Kg7 $2 {[#]} (38... e3+ 39. Kxe3 g2 )39. Bc5 $1 {White is clearly
winning.} Kg6 {[#]} 40. Be3 $1 Kf5 41. c4 Kxe5 42. b4 {} Kf5 43. b5 Kg4 44. a4 {Weighted Error Value: White=0.15/Black=0.33} 1-0

[Event "GCT Croatia Rapid 2021"]
[White "Grischuk,Alexander"]
[Black "Mamedyarov,Shakhriyar"]
[Site "Zagreb"]
[Round "5.2"]
[Annotator "TA"]
[Result "1/2-1/2"]
[Date "2021.07.08"]
[WhiteElo "2778"]
[BlackElo "2782"]
[PlyCount "60"]

1. d4 {} Nf6 2. c4 g6 3. g3 c6 4. Bg2 d5 5. cxd5 cxd5 6. Nf3 Bg7 7. 0-0 0-0 8. Nc3 Ne4 9. Ne5 Nxc3 10. bxc3 Nc6 11. Nxc6 bxc6 12. Qa4 Qb6 13. Ba3 {The position is equal.} Qa6 {D79: Fianchetto Grünfeld: Symmetrical
Variation (6 0-0 c6 7 cxd5 cxd5).} 14. Qxa6 Bxa6 15. Rfb1 $1 {15.Rfb1 is
better than 15.Rfe1.} Rfb8 16. Bxe7 Bxe2 17. Bf1 Bxf1 18. Kxf1 Bf8 19. Bxf8 (19. Bc5 {with more complications.} a5 20. Ke2 Re8+ 21. Kd3 Re6 22. a4 )Kxf8 $11 { [#] Endgame KRR-KRR} 20. Rb3 $146 ({Predecessor:} 20. Ke2 Ke7 21. Kd3 Kd6 22. Rb3 Rb6 23. Re1 Rab8 24. Kc2 h5 25. h4 Kd7 26. Re3 Kd6 27. Re1 Kd7 28. Re3 Kd6 {1/2-1/2 (30) Tomashevsky,E (2718)-Nepomniachtchi,I (2776)
Khanty Mansiysk 2019} )Rb6 21. Rab1 Rab8 22. Ke2 Ke7 23. Kd3 Kd6 24. c4 {
[#] Threatens to win with c5+.} dxc4+ 25. Kxc4 R8b7 26. h4 h5 27. R1b2 Rb8 28. Rb1 R8b7 29. R1b2 Rb8 30. Rb1 R8b7 {A rather calm draw.  Weighted Error Value:
White=0.02/Black=0.00} 1/2-1/2

[Event "GCT Croatia Rapid 2021"]
[White "Duda,Jan-Krzysztof"]
[Black "Nepomniachtchi,Ian"]
[Site "Zagreb"]
[Round "5.3"]
[Annotator "TA"]
[Result "1/2-1/2"]
[Date "2021.07.08"]
[WhiteElo "2738"]
[BlackElo "2792"]
[PlyCount "99"]

1. d4 {} Nf6 2. c4 e6 3. Nc3 Bb4 4. e3 0-0 5. Bd3 d5 6. a3 Bxc3+ 7. bxc3 dxc4 8. Bxc4 c5 9. Nf3 Qc7 10. Be2 b6 11. 0-0 Bb7 12. Bb2 {
E53: Nimzo-Indian: Rubinstein: Main Line (4...0-0 5 Nf3 d5 6 Bd3 c5 7 0-0).} Nc6 13. dxc5 {[#]} Na5 $146 ({Predecessor:} 13... bxc5 14. c4 Ng4 15. h3 Nge5 16. Nd2 Ng6 17. Re1 Rfd8 18. Qc2 Nce5 19. f3 Nh4 20. Nf1 {1-0 (37) Fominyh,A 
(2515)-Granovski,A (2285) Moscow 1994} )14. cxb6 Qxb6 15. Ra2 Rfd8 16. Qa4 Bc6 17. Qb4 Bd5 18. Raa1 {The position is equal.} Rab8 {[#] Hoping for ...Qc7.} 19. c4 Bxc4 20. Bxf6 gxf6 21. Bxc4 {Threatens to win with Qa4.} Qxb4 22. axb4 Nxc4 23. Nd4 {[#] Nc6 is the strong threat.} Rd7 24. Rfc1 Nd6 25. Ra4 Nb5 26. Nxb5 Rxb5 $11 { Endgame KRR-KRR} 27. g3 (27. h3 {looks sharper.} Rdb7 28. Rc4 Kg7 29. Kf1 f5 30. Ke2 )Kg7 28. Kf1 Rd2 29. Ke1 Rd7 30. Rc5 Rb6 31. Ke2 f5 32. g4 fxg4 33. Rg5+ Kf8 34. Rxg4 Rc6 35. Ra2 Rc1 36. Kf3 (36. Rh4 {
with more complications.} Kg7 37. Kf3 Rb1 38. Rg4+ Kf8 39. Rh4 )Rh1 37. Rh4 Kg7 38. Ra5 h6 39. Rah5 Rd2 40. Rg4+ Kh7 41. Rf4 Kg6 42. Rh3 {Strongly
threatening Rg3+.} Rd5 43. Rg3+ Rg5 44. Kg2 Ra1 45. Rd4 a5 (45... Kf6 {is
interesting.} 46. Rh4 Kg6 47. Rd4 )46. bxa5 Raxa5 47. Rc4 Rab5 48. Rd4 Ra5 49. Rc4 Rab5 50. Rd4 {Not much happened in this game.  Weighted Error Value:
White=0.01/Black=0.01} 1/2-1/2

[Event "GCT Croatia Rapid 2021"]
[White "Saric,Ivan"]
[Black "Vachier-Lagrave,Maxime"]
[Site "Zagreb"]
[Round "5.4"]
[Annotator "TA"]
[Result "1/2-1/2"]
[Date "2021.07.08"]
[WhiteElo "2653"]
[BlackElo "2749"]
[PlyCount "97"]

1. e4 {} c5 2. Nf3 d6 3. Bb5+ Bd7 4. Bxd7+ Nxd7 5. 0-0 Ngf6 6. Re1 Rc8 {B52: Sicilian: Moscow
Variation with 3...Bd7.} 7. c3 e6 8. d4 cxd4 9. cxd4 d5 10. e5 Ne4 11. Nbd2 (11. Re2 {is more complex.} Be7 12. Ne1 Qb6 13. Be3 f6 14. f3 )Nxd2 12. Bxd2 Be7 {[#]} 13. g3 $146 ({White should play} 13. Qa4 $14 )({Predecessor:} 13. Rc1 Rxc1 14. Qxc1 0-0 15. Bg5 Nb8 {1/2-1/2 (15) Fedorowicz,J (2517)
-Benjamin,J (2566) New York 2004} )0-0 14. h4 Rc6 15. Kg2 f6 ({Black
should try} 15... Qb6 $11 )16. exf6 $14 Nxf6 17. Ne5 Rc8 18. Qb3 Bd6 19. Bf4 ({
Of course not} 19. Qxb7 Ne4 $11 )Ne4 {[#]} (19... Nh5 $11 {remains equal.
} 20. Bg5 Qe8 )20. Rxe4 $1 $16 {} dxe4 21. Qxe6+ Kh8 22. Nf7+ {
 Discovered Attack} Rxf7 23. Qxf7 Bxf4 24. Qxf4 Qxd4 {
Endgame KQR-KQR} 25. Rc1 Rg8 26. b3 Qb2 27. Rc7 Qxa2 28. Rxb7 Qc2 29. Qe3 a5 30. Ra7 h6 31. Rxa5 Rb8 32. Rc5 Qd3 33. Rc3 Qd5 34. Rc4 Kh7 35. h5 Rb5 36. Rd4 Qb7 37. Qf4 e3+ {[#]} 38. f3 $1 e2 39. Re4 (39. Qd2 {looks sharper.} e1=N+ 40. Qxe1 Rxb3 41. Qd1 Rc3 42. g4 )Rxh5 40. Rxe2 Rb5 41. Re4 Qc6 {[#]} 42. Rc4 $1 {} Qe6 43. Qe4+ (43. Qd2 $16 )Qxe4 $11 {The position is
equal.} 44. Rxe4 Rxb3 {KR-KR} 45. g4 Rb2+ 46. Kg3 Rb3 47. Kg2 Rb2+ 48. Kg3 Rb3 49. Kg2 {Weighted Error Value: White=0.10/Black=0.13} 1/2-1/2